Informe sobre los trabajos de la conferencia

I tiakina i:
Ngā taipitopito rārangi puna kōrero
Kaituhi rangatōpū: Comité Internacional de la Cruz Roja (Author)
Hōputu: Pukapuka
Reo:Pāniora
I whakaputaina: Ginebra Comité Internacional de la Cruz Roja 1971
Ngā marau:
Ngā Tūtohu: Tāpirihia he Tūtohu
Kāore He Tūtohu, Me noho koe te mea tuatahi ki te tūtohu i tēnei pūkete!

MARC

LEADER 00000nam a2200000 a 4500
001 UCT9517
003 CL-VaPUC
005 20231117122543.0
008 970404e19710000sz 1 spa d
082 0 4 |a 341.6  |b COM  |2 21 
110 2 |a Comité Internacional de la Cruz Roja  |e author  |9 618298 
245 1 0 |a Informe sobre los trabajos de la conferencia 
260 |a Ginebra  |b Comité Internacional de la Cruz Roja  |c 1971 
300 |a 86 p 
583 |a last modification  |c 20161003 01:20:03  |k Rodrigo Vera 
650 0 7 |a CRUZ ROJA  |2 CL-VaPUC  |9 618299 
650 0 0 |a Derecho internacional  |9 255637 
650 0 0 |a Derechos humanos  |9 223025 
650 0 0 |a Guerra  |9 255876 
650 0 0 |a Informes  |9 334810 
942 |c BK 
945 |a lriquelm  |d 19970404 00:00:00 
546 |a En Español 
518 |p Conferencia de Expertos de la Cruz Roja sobre la Reafirmación y el Desarrollo del Derecho Internacional Humanitario Aplicable en los Conflictos Armados, La Haya, 1 al 6 de Marzo de 1971 
999 |c 382882  |d 382880 
952 |0 0  |1 0  |4 0  |6 341_600000000000000_COM_1971  |7 0  |8 A  |9 504818  |a BIBDER  |b BIBDER  |d 2020-01-23  |i 1822764  |o 341.6 COM 1971  |p 1822764  |r 2023-01-25  |w 2020-01-23  |y BK  |k DER